000 00289nam a22001337a 4500
008 170303b xxu||||| |||| 00| 0 eng d
020 _a471596302
041 _aeng
080 _a616.073
100 _a6
101 _aSHM
245 _aIN-WATER PHOTOGRAPHY
_cMERTENS, L.E
942 _2udc
_cBK
999 _c6664
_d6664